00225 a2200121 4500001000700000020000600007040001100013100001900024240002400043245001900067362000900086440000800095178461 a  cMagnum aBerger, Milton10aO rei guereirolpor10aO rei guereiro0 a1899 1aDcl